书目信息 |
| 题名: |
线性代数简明教程
|
|
| 作者: | 陈维新 编著 | |
| 分册: | ||
| 出版信息: | 北京 科学出版社 2005.01 |
|
| 页数: | 298页 | |
| 开本: | 24cm | |
| 丛书名: | 21世纪高等院校教材 | |
| 单 册: | ||
| 中图分类: | O151.2 | |
| 科图分类: | ||
| 主题词: | 线性代数--高等学校--教材 | |
| 电子资源: | ||
| ISBN: | 7-03-014236-5 | |
| 000 | 00899nam 2200265 450 | |
| 001 | 0148126591 | |
| 005 | 20050505195923.39 | |
| 010 | @a7-03-014236-5@d25.00CNY | |
| 100 | @a20050303d2005 km y0chiy0120 ea | |
| 101 | 0 | @achi |
| 102 | @aCN@b110000 | |
| 105 | @aa z 000yy | |
| 200 | 1 | @a线性代数简明教程@Axian xing dai shu jian ming jiao cheng@f陈维新编著@Fchen wei xin bian zhu |
| 205 | @a第2版 | |
| 210 | @a北京@c科学出版社@d2005.01 | |
| 215 | @a298页@c图@d24cm | |
| 225 | 2 | @a21世纪高等院校教材 |
| 305 | @a本书实际出版2004年。 | |
| 330 | @a本书采用学生易于接受的方式科学、系统地介绍了线性代数的行列式,线性方程组,矩阵,向量, 向量空间,矩阵的特征值和特征向量,二次型等内容。 | |
| 410 | 0 | @12001 @a21世纪高等院校教材 |
| 606 | 0 | @a线性代数@x高等学校@x教材 |
| 690 | @aO151.2@v4 | |
| 701 | 0 | @a陈维新@Achen wei xin@4编著 |
| 801 | 0 | @aCN@bQSSK@c20050505 |
| 905 | @a10447@dO151.2@eC587 | |
| 线性代数简明教程/陈维新编著.-第2版.-北京:科学出版社,2005.01 |
| 298页:图;24cm.-(21世纪高等院校教材) |
| ISBN 7-03-014236-5:25.00CNY |
| 本书采用学生易于接受的方式科学、系统地介绍了线性代数的行列式,线性方程组,矩阵,向量, 向量空间,矩阵的特征值和特征向量,二次型等内容。 |
| ● |
| 相关链接 |
|
|
|
正题名:线性代数简明教程
索取号:O151.2/C587
 
预约/预借
| 序号 | 登录号 | 条形码 | 馆藏地/架位号 | 状态 | 备注 |
| 1 | 499772 | 204997726 | 自科库401/401自科库 41排2列2层/ [索取号:O151.2/C587] | 在馆 | |
| 2 | 499773 | 204997735 | 自科库401/401自科库 41排2列2层/ [索取号:O151.2/C587] | 在馆 | |
| 3 | 499774 | 204997744 | 自科库401/401自科库 41排2列2层/ [索取号:O151.2/C587] | 在馆 |